Riconosci il Pokémon - Quiz n°68 - Statistics

Statistiche generali
  • Questo quiz è stato fatto 4 volte
  • Il punteggio medio è 10 su 10
Statistiche sulle risposte
Indizio Risposta % Corretto
Altezza 0,4 m
100%
Peso 10,3 kg
100%
Tasso di cattura 225 (39.9%)
100%
Sesso 50% ♂, 50% ♀
100%
Tasso di allevamento Fluttuante
100%
Stadio evoluzione Forma Base
100%
Pokémon Gulpin
100%
Abilità Melma; Antifurto; Voracità
100%
Generazione Terza
100%
Tipo Veleno
100%
Nessun quiz corrispondente trovato
Distribuzione punteggi
Percentuale di utenti per punteggio
Percentile per numero di risposta
I tuoi punteggi nel tempo
Non hai fatto questo quiz